<?xml version="1.0" encoding="UTF-8"?>
<record
    xmlns:xsi="http://www.w3.org/2001/XMLSchema-instance"
    xsi:schemaLocation="http://www.loc.gov/MARC21/slim http://www.loc.gov/standards/marcxml/schema/MARC21slim.xsd"
    xmlns="http://www.loc.gov/MARC21/slim">

  <leader>01011cam a2200301 a 4500</leader>
  <datafield tag="999" ind1=" " ind2=" ">
    <subfield code="c">45927</subfield>
    <subfield code="d">45926</subfield>
  </datafield>
  <controlfield tag="001">981956</controlfield>
  <controlfield tag="003">Ke-MEMU</controlfield>
  <controlfield tag="005">20180906113759.0</controlfield>
  <controlfield tag="008">851203s1985    enk           000 0aeng  </controlfield>
  <datafield tag="010" ind1=" " ind2=" ">
    <subfield code="a">   85235295 </subfield>
  </datafield>
  <datafield tag="020" ind1=" " ind2=" ">
    <subfield code="a">0860362043 (pbk.) :</subfield>
    <subfield code="c">&#xA3;5.25</subfield>
  </datafield>
  <datafield tag="040" ind1=" " ind2=" ">
    <subfield code="a">LC</subfield>
    <subfield code="c">Ke-MEMU</subfield>
    <subfield code="d">Ke-MEMU</subfield>
  </datafield>
  <datafield tag="043" ind1=" " ind2=" ">
    <subfield code="a">f-gh---</subfield>
  </datafield>
  <datafield tag="050" ind1="0" ind2="0">
    <subfield code="a">DT 512.34</subfield>
    <subfield code="b">.B38 1985</subfield>
  </datafield>
  <datafield tag="082" ind1="0" ind2="0">
    <subfield code="a">966.7/05</subfield>
    <subfield code="2">19</subfield>
  </datafield>
  <datafield tag="100" ind1="1" ind2=" ">
    <subfield code="a">Batsa, Kofi,</subfield>
    <subfield code="d">1931-</subfield>
    <subfield code="9">19551</subfield>
  </datafield>
  <datafield tag="245" ind1="1" ind2="4">
    <subfield code="a">The spark :</subfield>
    <subfield code="b">times behind me : from Kwame Nkrumah to Hilla Limann /</subfield>
    <subfield code="c">Kofi Batsa.</subfield>
  </datafield>
  <datafield tag="260" ind1=" " ind2=" ">
    <subfield code="a">London :</subfield>
    <subfield code="b">R. Collings,</subfield>
    <subfield code="c">1985.</subfield>
  </datafield>
  <datafield tag="300" ind1=" " ind2=" ">
    <subfield code="a">137 p. ;</subfield>
    <subfield code="c">22 cm.</subfield>
  </datafield>
  <datafield tag="600" ind1="1" ind2="0">
    <subfield code="a">Batsa, Kofi,</subfield>
    <subfield code="d">1931-</subfield>
    <subfield code="9">19551</subfield>
  </datafield>
  <datafield tag="610" ind1="2" ind2="0">
    <subfield code="a">People's National Party (Ghana)</subfield>
    <subfield code="9">19552</subfield>
  </datafield>
  <datafield tag="650" ind1=" " ind2="0">
    <subfield code="a">Politicians</subfield>
    <subfield code="z">Ghana</subfield>
    <subfield code="x">Biography.</subfield>
    <subfield code="9">19553</subfield>
  </datafield>
  <datafield tag="651" ind1=" " ind2="0">
    <subfield code="a">Ghana</subfield>
    <subfield code="x">Politics and government</subfield>
    <subfield code="y">1979-2001.</subfield>
    <subfield code="9">19554</subfield>
  </datafield>
  <datafield tag="651" ind1=" " ind2="0">
    <subfield code="a">Ghana</subfield>
    <subfield code="x">Politics and government</subfield>
    <subfield code="y">1957-1979.</subfield>
    <subfield code="9">19555</subfield>
  </datafield>
  <datafield tag="906" ind1=" " ind2=" ">
    <subfield code="a">7</subfield>
    <subfield code="b">cbc</subfield>
    <subfield code="c">orignew</subfield>
    <subfield code="d">3</subfield>
    <subfield code="e">ncip</subfield>
    <subfield code="f">19</subfield>
    <subfield code="g">y-gencatlg</subfield>
  </datafield>
  <datafield tag="942" ind1=" " ind2=" ">
    <subfield code="2">lcc</subfield>
    <subfield code="c">BK</subfield>
  </datafield>
  <datafield tag="952" ind1=" " ind2=" ">
    <subfield code="0">0</subfield>
    <subfield code="1">0</subfield>
    <subfield code="2">lcc</subfield>
    <subfield code="4">0</subfield>
    <subfield code="7">0</subfield>
    <subfield code="a">MRCL</subfield>
    <subfield code="b">MRCL</subfield>
    <subfield code="c">GEN</subfield>
    <subfield code="d">2018-09-06</subfield>
    <subfield code="e">Donation</subfield>
    <subfield code="i">018-46867</subfield>
    <subfield code="l">0</subfield>
    <subfield code="o">DT 512.34 .B38 1985</subfield>
    <subfield code="p">07122</subfield>
    <subfield code="r">2018-09-06 00:00:00</subfield>
    <subfield code="t">1</subfield>
    <subfield code="w">2018-09-06</subfield>
    <subfield code="y">BK</subfield>
  </datafield>
</record>
